000 00490nam a2200157Ia 4500
008 220214s9999 xx 000 0 und d
022 _a0019-5081
245 0 _aINDIAN JOURNAL OF BIOCHEMISTRY
246 _aIndian Journal of Biochemistry and Biophysics
260 _bCouncil of scientific and industrial research, New Delhi
_aIndia
310 _aBM
500 _aEnding Volume & Year: 7, 1970
500 _aMissing Volume: 5(2)
500 _aStarting Volume & Year: 2, 1965
942 _cBJ
999 _c4523
_d4523